000
00265nam a22001097a 4500
041
_a
ENG
245
_a
Specification For Power- Operated Pneumatic Sprayer- Cum -Duster
260
_a
New Delhi
_b
BIS
_c
1987
300
_a
12
650
_a
BIS Code
856
_u
BIS Code
999
_c
2085
_d
2085